| 000 | 00472nam a22001697a 4500 | ||
|---|---|---|---|
| 999 |
_c526372 _d526372 |
||
| 003 | NUST | ||
| 038 | _awaseem | ||
| 082 |
_a891.4393 _bJAV |
||
| 100 |
_aAmjad, Rasheed _914665 |
||
| 245 |
_aGmlay Mei Ugga Huwa Shehar / _cRasheed Amjad |
||
| 260 |
_aIslamabad : _bMehmood Brother Printers, _c2015. |
||
| 300 | _a365 p. ; | ||
| 500 | _aHardcover. | ||
| 880 |
_6100-01\r _aرشیدامجد |
||
| 880 |
_6245-02\r _aگملے میں اگا ہواشہر / |
||
| 942 |
_2ddc _cBK |
||